<?xml version="1.0" encoding="UTF-8"?>
<record
    xmlns:xsi="http://www.w3.org/2001/XMLSchema-instance"
    xsi:schemaLocation="http://www.loc.gov/MARC21/slim http://www.loc.gov/standards/marcxml/schema/MARC21slim.xsd"
    xmlns="http://www.loc.gov/MARC21/slim">

  <leader>02308nam a2200265   4500</leader>
  <controlfield tag="005">20250716072310.0</controlfield>
  <datafield tag="020" ind1=" " ind2=" ">
    <subfield code="a">9781473778696</subfield>
    <subfield code="c">TZS 155,001/=</subfield>
  </datafield>
  <datafield tag="040" ind1=" " ind2=" ">
    <subfield code="a">MUL</subfield>
    <subfield code="b">eng.</subfield>
    <subfield code="e">AACR</subfield>
  </datafield>
  <datafield tag="082" ind1=" " ind2=" ">
    <subfield code="a">658.84 DOO</subfield>
  </datafield>
  <datafield tag="100" ind1=" " ind2=" ">
    <subfield code="a">DOOLE, I. (Author)</subfield>
  </datafield>
  <datafield tag="245" ind1=" " ind2=" ">
    <subfield code="a"> International marketing strategy : </subfield>
    <subfield code="b">analysis, development and implementation</subfield>
    <subfield code="c">/Isobel Doole, Robin Lowe and Alexandra Kenyon</subfield>
  </datafield>
  <datafield tag="250" ind1=" " ind2=" ">
    <subfield code="a">9th ed.</subfield>
  </datafield>
  <datafield tag="260" ind1=" " ind2=" ">
    <subfield code="a">United Kingdom :</subfield>
    <subfield code="b">Cengage Learning ,</subfield>
    <subfield code="c">c 2022.</subfield>
  </datafield>
  <datafield tag="300" ind1=" " ind2=" ">
    <subfield code="a"> xxv, 511 p. :</subfield>
    <subfield code="b">ill. ;</subfield>
    <subfield code="c">26 cm.</subfield>
  </datafield>
  <datafield tag="504" ind1=" " ind2=" ">
    <subfield code="a">Includes index p. 502 - 511</subfield>
  </datafield>
  <datafield tag="505" ind1=" " ind2=" ">
    <subfield code="a">An introduction to international marketing
The world trading environment
Social and cultural considerations in international marketing
International marketing research and opportunity analysis
International niche marketing strategies for small- and medium-sized enterprises
Global strategies
Market entry strategies
International product and service management
International communications
The management of international distribution and logistics
Pricing for international markets
Strategic planning in technology-driven international markets
</subfield>
  </datafield>
  <datafield tag="520" ind1=" " ind2=" ">
    <subfield code="a">"Major global events such as the COVID-19 pandemic and the UN Sustainable Development Goals have changed the business landscape with significant consequences for trade. Understanding such environmental issues, politics, economics and more, is critical in international marketing strategy. Fully updated and revised, the ninth edition of this popular text reflects the changing focus of international marketing and ensures students are fully up-to-date with the challenges posed by new patterns of development in global markets. It provides accessible content from around the world including newly emerging economies as well as explaining increasingly global risks and the role of digital developments. An exciting range of features including Management Challenges, Illustrations and contemporary case studies guide students through the complexities of international marketing as it responds to a rapidly changing environment."-- Publisher's description</subfield>
  </datafield>
  <datafield tag="546" ind1=" " ind2=" ">
    <subfield code="a">eng.</subfield>
  </datafield>
  <datafield tag="650" ind1=" " ind2=" ">
    <subfield code="a">International marketing</subfield>
  </datafield>
  <datafield tag="650" ind1=" " ind2=" ">
    <subfield code="a">Marketing strategy</subfield>
  </datafield>
  <datafield tag="650" ind1=" " ind2=" ">
    <subfield code="a">Marketing research</subfield>
  </datafield>
  <datafield tag="700" ind1=" " ind2=" ">
    <subfield code="a">LOWE, R.</subfield>
    <subfield code="c">(Author)</subfield>
  </datafield>
  <datafield tag="700" ind1=" " ind2=" ">
    <subfield code="a">KENYON, A.</subfield>
    <subfield code="c">(Author)</subfield>
  </datafield>
  <datafield tag="942" ind1=" " ind2=" ">
    <subfield code="c">BK</subfield>
  </datafield>
  <datafield tag="999" ind1=" " ind2=" ">
    <subfield code="c">11088</subfield>
    <subfield code="d">11088</subfield>
  </datafield>
  <datafield tag="952" ind1=" " ind2=" ">
    <subfield code="0">0</subfield>
    <subfield code="1">0</subfield>
    <subfield code="4">0</subfield>
    <subfield code="7">0</subfield>
    <subfield code="a">MU0001</subfield>
    <subfield code="b">MU0001</subfield>
    <subfield code="d">2025-01-22</subfield>
    <subfield code="e">MAK SOLUTION</subfield>
    <subfield code="l">0</subfield>
    <subfield code="o">658.84 DOO</subfield>
    <subfield code="p">0087159</subfield>
    <subfield code="r">2025-07-16 07:24:32</subfield>
    <subfield code="t">1</subfield>
    <subfield code="w">2025-07-16</subfield>
    <subfield code="y">BK</subfield>
  </datafield>
</record>
